000 00298nam a2200121 a 4500
005 20201002052859.0
008 150817s2005 000 spa d
020 _a99993472808
100 _aVives, Vicens
_973119
245 0 _aLengua.
260 _aSanto Domingo : Taller,
_c2005.
999 _c45939
_d45939
040 _aDO-SdBNP